Les compos de PSG 4-0 Real Madrid (2025) - Statistiques

Statistiques générales
  • Ce quiz a été pris 343 fois
  • Le résultat moyen est 20 sur 22
Statistiques - réponses
Equipe Nationalité Joueur % Correct
PSG Marocain Achraf Hakimi
100%
PSG Italien Gianluigi Donnarumma
99%
PSG Français Ousmane Dembélé
99%
PSG Français Désiré Doué
98%
Real Madrid Français Kylian Mbappe
98%
PSG Portugais João Neves
97%
PSG Portugais Nuno Mendes
97%
Real Madrid Belge Thibaut Courtois
97%
PSG Espagnol Fabian Ruiz
96%
PSG Géorgien Khvicha Kvaratskhelia
96%
PSG Brésilien Marquinhos
96%
PSG Portugais Vitinha
96%
Real Madrid Brésilien Vinicius Jr.
95%
Real Madrid Turc Arda Güler
93%
Real Madrid Français Aurélien Tchouaméni
93%
Real Madrid Allemand Antonio Rüdiger
92%
Real Madrid Anglais Jude Bellingham
90%
PSG Brésilien Lucas Beraldo
89%
Real Madrid Uruguayen Federico Valverde
88%
Real Madrid Espagnol Fran García
72%
Real Madrid Espagnol Gonzalo García
72%
Real Madrid Espagnol Raúl Asencio
66%
Aucun quiz correspondant
Distribution des résultats
% des personnes avec chaque résultat
Percentile par nombre de réponses
Votre historique - résultats
Vous n’avez pas pris ce quiz